From slave trade to "legitimate" commerce : the commercial transition in nineteenth-century west Africa : papers from a conference of the centre of Commonwealth studies, University of Stirling (Record no. 189388)

MARC details
000 -LEADER
fixed length control field 01021nam a2200241Ia 4500
008 - FIXED-LENGTH DATA ELEMENTS--GENERAL INFORMATION
fixed length control field 191130s1995##################000#0#eng##
020 ## - INTERNATIONAL STANDARD BOOK NUMBER
ISBN 9780521523066
082 ## - DEWEY DECIMAL CLASSIFICATION NUMBER
Classification number 382.0966009034 LAW
245 ## - TITLE STATEMENT
Title From slave trade to "legitimate" commerce : the commercial transition in nineteenth-century west Africa : papers from a conference of the centre of Commonwealth studies, University of Stirling
Statement of responsibility, etc edited by Robin Law
250 ## - EDITION STATEMENT
Edition statement 1st ed
260 ## - PUBLICATION, DISTRIBUTION, ETC. (IMPRINT)
Place of publication Cambridge
Name of publisher Cambridge University Press
Year of publication 1995
300 ## - PHYSICAL DESCRIPTION
Number of Pages xi, 278 p. : ill., map ; 24 cm
500 ## - GENERAL NOTE
General note Includes bibliographical references and index
650 ## - SUBJECT ADDED ENTRY--TOPICAL TERM
Topical Term Africa, West - Commerce - History - 19th century - Congresses
Topical Term Africa, West - Economic conditions - Congresses
Topical Term Slaves - Emancipation - Economic aspects - Africa, West - History - 19th century - Congresses
700 ## - ADDED ENTRY--PERSONAL NAME
Personal name Law, Robin
991 ## -
-- 297872
Holdings
Withdrawn status Lost status Damaged status Not for loan Home library Current library Shelving location Date acquired Full call number Accession Number Price effective from Koha item type
        Anna Centenary Library Anna Centenary Library 4TH FLOOR, B WING 13.10.2020 382.0966009034 LAW 197684 13.10.2020 English Books

Find us on the map